000 01330nam a2200373 i 4500
001 020495278
003 EG-ScBUE
005 20230307054306.0
008 220216t2023 enka f b 001 0 eng d
020 _a9781292436739 (pbk.)
020 _a1292436735
040 _aStDuBDS
_beng
_erda
_cStDuBDS
_dEG-ScBUE
082 0 4 _a621.34
_222
_bULA
100 1 _aUlaby, Fawwaz T.
_q(Fawwaz Tayssir),
_d1943-
_eauthor.
245 1 0 _aFundamentals of applied electromagnetics /
_cFawwaz T. Ulaby, University of Michigan, Ann Arbor, Umberto Ravaioli, University of Illinois, Urbana-Champaign.
250 _aEighth edition.
250 _aGlobal edition.
264 1 _aHarlow, Essex :
_bPearson,
_c[2023]
264 4 _cc2023
300 _a496 pages :
_billustrations (black and white, and colour) ;
_c32 cm
336 _atext
_2rdacontent
_btxt
336 _astill image
_2rdacontent
_btxt
337 _aunmediated
_2rdamedia
_bn
338 _avolume
_2rdacarrier
_bnc
500 _aPrevious edition: 2015.
504 _aIncludes bibliographical references and index.
650 7 _aElectromagnetism
_xIndustrial applications.
_2BUEsh
653 _bENGGEN
_cMarch2023
655 _vReading book
700 1 _aRavaioli, Umberto,
_eauthor.
776 0 8 _iebook version :
_z9781292436760
942 _2ddc
_cBB
999 _c30229
_d30200